000 00401nam a2200157 a 4500
005 20260216113832.0
008 260214s2026##################000#0#eng##
020 _a9781582789909
_qhbk
041 _aeng
082 0 4 _a307.76
_bHAR.1
100 _aHarloe, Michael
245 1 0 _aThe Sociology of Urban Communities, vol I
_c/Michael Harloe
504 _aindex
650 _a Sociology
942 _cREF
999 _c612448
_d612448